A magyarokra vonatkozó népnevek a bizánci íróknál írta Darkó Jenő : könyvismertetés /

Elmentve itt :
Bibliográfiai részletek
Szerző: Miskolczi Gyula
További közreműködők: Darkó Jenő
Dokumentumtípus: Cikk
Megjelent: MTA Budapest 1914
Sorozat:Történeti Szemle : Magyar Tudományos Akadémia megbízásából
Kulcsszavak:Őstörténet - magyar - névkutatás - könyvismertetés, Népnév - magyar - könyvismertetés
Tárgyszavak:
Online Access:http://misc.bibl.u-szeged.hu/65599
LEADER 00997nab a2200241 i 4500
001 misc65599
005 20220920121504.0
008 220804s1914 hu o 0|| hun d
040 |a SZTE Miscellanea Repozitórium  |b hun 
041 |a hun 
100 1 |a Miskolczi Gyula 
245 1 2 |a A magyarokra vonatkozó népnevek a bizánci íróknál   |h [elektronikus dokumentum] :  |b írta Darkó Jenő : könyvismertetés /  |c  Miskolczi Gyula 
260 |a MTA  |b Budapest  |c 1914 
300 |a p. 387-396.  |c 25 cm 
490 0 |a Történeti Szemle : Magyar Tudományos Akadémia megbízásából 
561 |a Németh Gyula hagyaték 
591 |a NOM 3758 
650 4 |a Bölcsészettudományok 
650 4 |a Történettudomány és régészet 
650 4 |a Nyelvek és irodalom 
695 |a Őstörténet - magyar - névkutatás - könyvismertetés, Népnév - magyar - könyvismertetés 
700 0 1 |a Darkó Jenő 
856 4 0 |u http://misc.bibl.u-szeged.hu/65599/1/3758_nom_m70.pdf  |z Dokumentum-elérés